Maps of the distribution and density of African population in Zambia (Record no. 82606)

MARC details
000 -LEADER
fixed length control field 00912nam a2200169 a 4500
008 - FIXED-LENGTH DATA ELEMENTS--GENERAL INFORMATION
fixed length control field 061107s1967 xx |||||||||||||| || u
050 ## - LIBRARY OF CONGRESS CALL NUMBER
Classification number UNZA-IAS(08)COM/2
100 ## - MAIN ENTRY--PERSONAL NAME
Personal name Kay, George
245 10 - TITLE STATEMENT
Title Maps of the distribution and density of African population in Zambia
Statement of responsibility, etc. By George Kay
260 ## - PUBLICATION, DISTRIBUTION, ETC.
Place of publication, distribution, etc.
Name of publisher, distributor, etc. University of Zambia Institute for Social Research
Date of publication, distribution, etc. 1967
350 ## -
-- 0.00
490 ## -
-- University of Zambia. Institute for Social Research Communication Series
650 ## - SUBJECT ADDED ENTRY--TOPICAL TERM
Topical term or geographic name entry element POPULATION--ZAMBIA
710 ## - ADDED ENTRY--CORPORATE NAME
Corporate name or jurisdiction name as entry element University of Zambia. Institute for Social Research
995 ## -
-- SPECIAL COLLECTIONS
-- 0.00
-- UNZA-IAS(08)COM/2A
-- CBU-MAIN LIBRARY (Kitwe)
-- 1
-- 0.00
-- UNZA-IAS(08)COM/2A
-- 2A
-- AVAILABLE
-- Nov 7, 2006
-- Z03001331
-- Zambiana Collection
995 ## -
-- SPECIAL COLLECTIONS
-- 0.00
-- UNZA-IAS(08)COM/2B
-- CBU-MAIN LIBRARY (Kitwe)
-- 1
-- 0.00
-- UNZA-IAS(08)COM/2B
-- 2B
-- AVAILABLE
-- Nov 7, 2006
-- Z03001332
-- Zambiana Collection
999 ## -
-- 82606
-- 82606
Holdings
Withdrawn status Lost status Source of classification or shelving scheme Damaged status Not for loan Permanent Location Current Location Shelving location Date acquired Total Checkouts Full call number Barcode Date last seen Copy number Price effective from Koha item type
          CBU-MAIN LIBRARY, KITWE. CBU-MAIN LIBRARY, KITWE.   09/29/2023   UNZA-IAS(08)COM/2A Z03001331 09/29/2023 1 09/29/2023 SPECIAL COLLECTION
          CBU-MAIN LIBRARY, KITWE. CBU-MAIN LIBRARY, KITWE.   09/29/2023   UNZA-IAS(08)COM/2B Z03001332 09/29/2023 2 09/29/2023 SPECIAL COLLECTION